| 000 | 01325cam a2200313 i 4500 | ||
|---|---|---|---|
| 001 | 30306 | ||
| 003 | Mx-PuUPA | ||
| 005 | 20231016112305.0 | ||
| 008 | 140415s1989 mx a gr 000 0 spa d | ||
| 020 | _a9684231830 | ||
| 040 |
_cMx-PuUPA _aMx-PuUPA _bspa _dMx-PuUPA _erda |
||
| 041 | 0 | _aspa | |
| 100 | 1 |
_aCabrera, Miguel, _d1695-1768 _914992 _eautor |
|
| 245 | 1 | 0 |
_aMaravilla americana y conjunto de raras maravillas : _bobservadas con la dirección de las reglas del arte de la pintura en la prodigiosa imagen de Nuestra Señora de Guadalupe México / _cpor Don Miguel Cabrera, pintor ; adaptación de Porfirio Martínez Peñalosa |
| 250 |
_aTercera edición / _bfacsimilar |
||
| 264 | 1 |
_aMéxico, D.F. : _bEditorial Jus, _c1989 |
|
| 300 |
_a1 volumen (sin paginación) : _bilustraciones ; _c23 cm |
||
| 336 |
_2rdacontent _atexto _btxt |
||
| 337 |
_2rdamedia _asin medio _bn |
||
| 338 |
_2rdacarrier _avolumen _bnc |
||
| 600 | 0 | 4 |
_aVirgen Santísima _xCulto _zAmérica hispánica |
| 600 | 0 | 4 | _aNuestra Señora de Guadalupe en el arte |
| 600 | 0 | 4 |
_aVirgen de Guadalupe _xCulto |
| 650 | 7 |
_2armarc _aIglesia católica _zMéxico _xHistoria _ySiglo xviii |
|
| 700 | 1 |
_aMartínez Peñalosa, Porfirio, _eeditor |
|
| 942 |
_2ddc _cLI _h704.94820972 _iC112 |
||
| 999 |
_c30306 _d30306 |
||